MARC

LEADER 00000nam0a2200000 4500
001 29014
005 20231030203057.0
010 |a 528800482X 
035 |a (RuTPU)RU\TPU\book\29272 
035 |a BOOK00029347 
090 |a 29014 
100 |a 20011209d1992 m y0rusy50 ca 
101 0 |a rus 
102 |a RU 
105 |a a j 001zy 
200 1 |a Игры поиска  |e учебное пособие  |f Л. А. Петросян, А. Ю. Гарнаев 
210 |a СПб.  |c Изд-во СПбГУ  |d 1992 
215 |a 216 с. 
320 |a Библиогр.: с. 214-216. 
610 1 |a математика 
610 1 |a игры 
610 1 |a теория 
610 1 |a поисковые задачи 
610 1 |a поиск 
610 1 |a объекты 
610 1 |a динамические игры 
610 1 |a игры многошаговые 
610 1 |a одновременные игры 
610 1 |a учебные пособия 
675 |a 519.87(075.8)  |v 3 
700 1 |a Петросян  |b Л. А.  |g Леон Аганезович 
701 1 |a Гарнаев  |b А. Ю.  |g Андрей Юрьевич 
801 0 |a RU  |b 63413507  |c 20011209  |g PSBO 
801 2 |a RU  |b 63413507  |c 20081030  |g PSBO 
942 |c BK